000 00711nam a2200241Ia 4500
999 _c46524
_d46524
001 13363
003 GE_BSU
005 20240905162836.0
008 181216s2013||||ru |||||||||||||| ||rus||
020 _a9785906016225
040 _cGE_BSU
041 _arus
080 _a141.336 С-21
100 _aСафави, Саййд Салмап
_923169
245 _aПрактический мистицизм :
_bИрфан Амали /
260 _aМосква
260 _bАкадемический проект.ООО Садра
260 _c2013
300 _a92 стр. ;
_c21 см.
653 _aПрактический мистицизм
653 _aИрфан Амали
942 _cBK
_2udc